LEADER 01215nam a2200277 u 4500 001 000000079248 003 CaOOAMICUS 005 20070226123522.0 008 040528s1996 it u000 u ita u 020 $a8826702543 035 $a10997180 040 $aPUL$bita 100 1 $aSartre, Jean-Paul,$d1905-1980.$0(OLS)http://pul/name/24998 245 12$aL'universo della violenza :$bda Quaderni per una morale /$cJean-Paul Sartre ; a cura di Fabrizio Scanzio. 260 $aRoma :$bEd. Associate, Editrice Internazionale,$cc1996. 300 $a125 p. ;$c22 cm 490 1 $aImmaginare l'Europa 650 4$aViolenza.$0(OLS)http://pul/subject/1548 700 1 $aScanzio, Fabrizio.$0(OLS)http://pul/name/52785 830 0$aImmaginare l'Europa.$0(OLS)http://pul/title/103759 850 $aPUL 852 $aPUL$W1$xSL Filosofia 1$y2$m91 H 54$j101451$nBK-PRI$b $qStampati$B101451$CPULBib$Z2$F101451 $HPUL95213 $81 941 1 $a8 996 $6020$a8826702543$9(OLS)http://pul/number/104090 996 $6245$aL'universo della violenza :$bda Quaderni per una morale$9(OLS)http://pul/title/103758 996 $6260$aRoma :$bEd. Associate, Editrice Internazionale$9(OLS)http://pul/publisher/75588 LEADER 01285nam a2200265 u 4500 001 000000082131 003 CaOOAMICUS 005 20070226123829.0 008 050406s1904 it u000 u ita u 035 $a11038142 040 $aPUL(R)$bita 100 1 $aVillermont, M. de,$ccomtesse.$0(OLS)http://pul/name/54632 245 13$aIl movimento femminista :$ble sue cause - il suo avvenire, soluzione cristiana /$cper la contessa Maria di Villermont. 260 $aRoma :$bDesclée-Lefebvre,$c1904. 300 $av. 1-2 ;$c19 cm 490 1 $aScienza e religione.$aStudi per i tempi presenti ;$v3 504 $aBibliografia in nota. 650 4$aFemminismo$xAspetti religiosi.$0(OLS)http://pul/subject/27572 830 0$aScienza e religione.$pStudi per i tempi presenti ;$v3.$0(OLS)http://pul/title/3545 850 $aPUL 852 $aPUL$W1$xDP1 Fondo Cecchetti$y53$m260 H 76$j104699$nBK-PRI$bv. 2$qFondi$B104699$CPULBib$Z2$F104699 $81 852 $aPUL$W1$xDP1 Fondo Cecchetti$y53$m260 R 87.1$j104700$nBK-PRI$bv. 1$qFondi$B104700$CPULBib$Z2$F104700 $82 941 1 $a1 996 $6245$aIl movimento femminista :$ble sue cause - il suo avvenire, soluzione cristiana$9(OLS)http://pul/title/107365 996 $6260$aRoma :$bDesclée-Lefebvre$9(OLS)http://pul/publisher/76127